Dates d'histoire à connaître en fin de 3e - Statistiques

Statistiques générales
  • Ce quiz a été pris 927 fois
  • Le résultat moyen est 13 sur 29
Statistiques - réponses
Hint Réponse % Correct
1ère Guerre mondiale 19141918
77%
Appel du général de Gaulle 18 juin 1940
73%
2e Guerre mondiale 1939/1945
64%
Euro monnaie européenne 2002
59%
Traité de Maastricht 1992
58%
Hitler au pouvoir 1933/1945
57%
Années Mitterrand 1981/1995
57%
Mur de Berlin 1961/1989
56%
Régime de Vichy 1940/1944
54%
Bataille de Verdun 1916
52%
Armistice de la Grande Guerre 11 novembre 1918
51%
Révolutions russes 1917
51%
Années Chirac 1995/2007
48%
Droits de vote des femmes 1944
45%
Staline au pouvoir 1924/1953
44%
Fondation de la Ve République 1958
43%
Années de Gaulle 1958/1969
43%
Traités de Rome 1957
41%
Lois racistes de Nuremberg 1935
40%
Fondation du Conseil National de la Résistance par Jean Moulin 1943
37%
Principale phase de décolonisation 1947/1962
37%
Front populaire et lois sociales 1936
33%
Création de la Sécurité sociale 1945
31%
Bombes atomiques sur Hiroshima et Nagasaki Août 1945
31%
Libération des camps d'extermination 1945
28%
Fin de la 2e Guerre mondiale en Europe 8 mai 1945
25%
Grande terreur stalinienne 1936/1938
22%
Libération de la France 1944/1945
21%
Rétablissement de la République 1944
7%
Aucun quiz correspondant
Distribution des résultats
% des personnes avec chaque résultat
Percentile par nombre de réponses
Votre historique - résultats
Vous n’avez pas pris ce quiz